| 000 | 01092nkm a2200253 i 4500 | ||
|---|---|---|---|
| 001 | 4182 | ||
| 003 | ES-MaACL | ||
| 007 | khrbo | ||
| 008 | 070629s1987 sp --- g |001||spa d | ||
| 100 | 0 |
_aAlfonso, _d1902-1990 _919858 |
|
| 245 | 1 | 0 |
_aInterpretación de los sueños [ _hFotografía] / _cAlfonso (sello). |
| 260 |
_a[S.l. : _bs.n.], _c1987. |
||
| 300 |
_a1 fot. : _bb. y n. ; _c12 x 18 cm. |
||
| 500 | _aDatos basados en invitación. | ||
| 511 | 0 | _aInterviene: José Rallo; presenta: León Grinberg. | |
| 518 | _aActo organizado por la Cátedra de Psicoanálisis del Ateneo de Madrid, celebrado en el salón de actos el miércoles, 16 de diciembre de 1987, a las 20:30 h. | ||
| 600 | 1 | 4 |
_aRallo, José. _995053 |
| 600 | 0 | 4 |
_aGrinberg, León, _d1916-2002 _960064 |
| 610 | 2 | 4 |
_aAteneo de Madrid- _xActos culturales- _y1987- _vFotografías. _91902 |
| 710 | 2 |
_aAteneo de Madrid. _bCátedra de Psicoanálisis. _91953 |
|
| 852 |
_aES-MaACL _jFOT 246/1987 |
||
| 856 | 4 |
_uhttp://www.ateneodemadrid.net/biblioteca_digital/imagenes/1987/0246-1987.jpg _zVer imagen |
|
| 999 |
_c4182 _d4182 |
||